|
|
|
|
| LEADER |
01678njm a2200445 i 4500 |
| 001 |
001562760 |
| 003 |
CZ BrMZK |
| 005 |
20170309143737.0 |
| 007 |
sd fungnnmmned |
| 008 |
170201t20102010xr rcnng d n cze |
| 024 |
3 |
|
|a 8595130128028
|
| 028 |
0 |
1 |
|a CHMPS 024-2
|b Championship Music
|
| 040 |
|
|
|a BOA001
|b cze
|e rda
|
| 045 |
|
|
|a y0y1
|
| 072 |
|
7 |
|x Populární hudba. Populární písně. Populární taneční hudba
|a 78.011.26
|2 Konspekt
|9 9
|
| 080 |
|
|
|a 784.4
|2 MRF
|
| 080 |
|
|
|a (086.76)
|2 MRF
|
| 245 |
0 |
0 |
|a Teď a tady /
|c David Koller
|
| 264 |
|
1 |
|a [Praha] :
|b Championship Music
|c [2010]
|
| 264 |
|
4 |
|c 2010
|
| 300 |
|
|
|a 1 CD audio ;
|c 12 cm
|
| 336 |
|
|
|a hraná hudba
|b prm
|2 rdacontent
|
| 337 |
|
|
|a audio
|b s
|2 rdamedia
|
| 338 |
|
|
|a audiodisk
|b sd
|2 rdacarrier
|
| 344 |
|
|
|a digital
|b optical
|g stereo
|2 rda
|
| 347 |
|
|
|a audio soubor
|b CD audio
|2 rda
|
| 500 |
|
|
|a Název z disku
|
| 500 |
|
|
|a Fonogram Cox s.r.o.
|
| 505 |
0 |
0 |
|t Začnu s tebou --
|t Ty a já --
|t Teď a tady --
|t Prázdný místa --
|t Nech to být --
|t Chlapcům teď hoří oči --
|t Extase --
|t Best of "Ty a já" --
|t Zhasněte lampiony
|
| 511 |
1 |
|
|a David Koller, zpěv ; David Koller Band
|
| 518 |
|
|
|o Nahráno
|d březen - říjen 2010
|p Studio Cox
|
| 648 |
|
7 |
|a 2001-2010
|7 ch460588
|
| 650 |
0 |
7 |
|a rockové písně
|7 ph224439
|y 2001-2010
|2 czenas
|
| 655 |
|
7 |
|a kompaktní disky
|7 fd201991
|2 czenas
|
| 700 |
1 |
|
|a Koller, David,
|d 1960-
|7 xx0014755
|4 itr
|4 sng
|
| 710 |
2 |
|
|a Kollerband (hudební skupina)
|7 xx0023051
|4 prf
|
| 910 |
|
|
|a BOA001
|b CDR-1378.953
|
| 990 |
|
|
|a AV
|
| 991 |
|
|
|b 201703
|
| 996 |
6 |
|
|b 2610696293
|c CDR-1378.953
|l MZK
|r Sklad / do 24 hodin
|n 0
|p p.v.
|w 001598129
|u 000010
|a 1
|e BOA001
|j MZK50
|s P
|